| 000 | 00434nam a2200181 a 4500 | ||
|---|---|---|---|
| 001 | 36431 | ||
| 005 | 20180714005012.0 | ||
| 008 | 140415s1959 000 0 spa d | ||
| 041 | _aspa | ||
| 082 |
_a808.8026 _bVIV |
||
| 100 | 1 | _aVIVES, JUAN LUIS | |
| 245 | 1 | 0 | _aD I A L O G O S |
| 250 | _a4a ed. | ||
| 260 |
_a[s.l.] : _bESPASA CALPE, _c1959 |
||
| 300 | _a153 | ||
| 490 |
_aAUSTRAL _v128 |
||
| 650 | 1 | 4 | _aDIALOGOS |
| 999 |
_c36431 _d36431 |
||